Právní aspekty jakosti v hospodářských vztazích výzkumná práce SPEV 909-003.02
Guardado en:
| Autor principal: | |
|---|---|
| Formato: | Libro |
| Lenguaje: | checo |
| Publicado: |
Praha
Ústav hospodářského práva
1984
|
| Colección: | Výzkumné práce
č. 98 |
| Etiquetas: |
Sin Etiquetas, Sea el primero en etiquetar este registro!
|
MARC
| LEADER | 00000nam a2200000 4500 | ||
|---|---|---|---|
| 001 | c116683 | ||
| 005 | 20200722093825.3 | ||
| 041 | 0 | |a cze | |
| 044 | |a CZ | ||
| 245 | 1 | 0 | |a Právní aspekty jakosti v hospodářských vztazích |b výzkumná práce SPEV 909-003.02 |c Alena Galíčková |
| 264 | 1 | |a Praha |b Ústav hospodářského práva |c 1984 | |
| 300 | |a 123 s. | ||
| 490 | 1 | |a Výzkumné práce |v č. 98 | |
| 830 | 0 | |a Výzkumné práce |v č. 98 | |
| 100 | 1 | |a Galíčková, Alena | |